Modern Electroorganic Chemistry /

Salvato in:
Dettagli Bibliografici
Autore principale: Kyriacou, Demetrios (Autore)
Natura: Libro
Lingua:inglese
Pubblicazione: Berlin : Springer Verlag, 1994
Tags: Aggiungi Tag
Nessun Tag, puoi essere il primo ad aggiungerne!!

MARC

LEADER 00000nam a22000003a 4500
001 stu22995
005 20150617225751.3
008 941214s1994----gw------------------eng-d
020 |a 3-540-57504-9 
040 |a STU  |b slo 
041 0 |a eng 
044 |a gw 
080 |a 547.1+541.13 
100 1 |a Kyriacou, Demetrios  |4 aut 
245 1 |a Modern Electroorganic Chemistry /  |c [aut.]Kyriacou,Demetrios 
260 |a Berlin :  |b Springer Verlag,  |c 1994 
300 |a 228 s :  |b Obr.,tab.,lit.,index 
996 |b C93398  |c C*93398  |l CCIV  |s P  |a 0  |w stu22995_0001